000
00279nam a2200109Ia 4500
001
1268702
005
20260417145255.0
008
260417s9999 xx 000 0 und d
020
_a
9786256309968
245
0
_a
Ibn Khaldun A Desert Journey
_c
Özkan Öze
260
_b
Ketebe Çocuk
999
_c
1268702
_d
1268702